<?xml version="1.0" encoding="UTF-8"?>
<collection xmlns="http://www.loc.gov/MARC21/slim">
 <record>
  <leader>02653cam a2200493   4500</leader>
  <controlfield tag="001">1621014959</controlfield>
  <controlfield tag="003">DE-627</controlfield>
  <controlfield tag="005">20240316184926.0</controlfield>
  <controlfield tag="007">tu</controlfield>
  <controlfield tag="008">011206s2001    xx ||||| c    00| ||fre c</controlfield>
  <datafield tag="020" ind1=" " ind2=" ">
   <subfield code="a">2940027366</subfield>
   <subfield code="9">2-940027-36-6</subfield>
  </datafield>
  <datafield tag="024" ind1="3" ind2=" ">
   <subfield code="a">9788884910738</subfield>
  </datafield>
  <datafield tag="035" ind1=" " ind2=" ">
   <subfield code="a">(DE-627)1621014959</subfield>
  </datafield>
  <datafield tag="035" ind1=" " ind2=" ">
   <subfield code="a">(DE-576)095861289</subfield>
  </datafield>
  <datafield tag="035" ind1=" " ind2=" ">
   <subfield code="a">(DE-599)BSZ095861289</subfield>
  </datafield>
  <datafield tag="035" ind1=" " ind2=" ">
   <subfield code="a">(OCoLC)48476808</subfield>
  </datafield>
  <datafield tag="040" ind1=" " ind2=" ">
   <subfield code="a">DE-627</subfield>
   <subfield code="b">ger</subfield>
   <subfield code="c">DE-627</subfield>
   <subfield code="e">rakwb</subfield>
  </datafield>
  <datafield tag="041" ind1=" " ind2=" ">
   <subfield code="a">fre</subfield>
  </datafield>
  <datafield tag="082" ind1="0" ind2=" ">
   <subfield code="a">750</subfield>
  </datafield>
  <datafield tag="084" ind1=" " ind2=" ">
   <subfield code="a">9,10</subfield>
   <subfield code="2">ssgn</subfield>
  </datafield>
  <datafield tag="245" ind1="1" ind2="0">
   <subfield code="a">Louise Breslau - de l'impressionnisme aux années folles</subfield>
   <subfield code="b">[à l'occasion de l'Exposition &quot;Louise Breslau - de l'Impressionnisme aux Années Folles&quot;, Musée Cantonal des Beaux-Arts de Lausanne du 13 octobre 2001 au 20 janvier 2002]</subfield>
   <subfield code="c">Musée Cantonal des Beaux-Arts de Lausanne. Sous la dir. de Catherine Lepdor. Textes de Anne-Catherine Krueger; Catherine Lepdor; Gabriel P. Weisberg</subfield>
  </datafield>
  <datafield tag="264" ind1=" " ind2="1">
   <subfield code="a">Milan</subfield>
   <subfield code="b">Skira [u.a.]</subfield>
   <subfield code="c">2001</subfield>
  </datafield>
  <datafield tag="300" ind1=" " ind2=" ">
   <subfield code="a">160 S.</subfield>
   <subfield code="b">zahlr. Ill.</subfield>
  </datafield>
  <datafield tag="336" ind1=" " ind2=" ">
   <subfield code="a">Text</subfield>
   <subfield code="b">txt</subfield>
   <subfield code="2">rdacontent</subfield>
  </datafield>
  <datafield tag="336" ind1=" " ind2=" ">
   <subfield code="a">unbewegtes Bild</subfield>
   <subfield code="b">sti</subfield>
   <subfield code="2">rdacontent</subfield>
  </datafield>
  <datafield tag="337" ind1=" " ind2=" ">
   <subfield code="a">ohne Hilfsmittel zu benutzen</subfield>
   <subfield code="b">n</subfield>
   <subfield code="2">rdamedia</subfield>
  </datafield>
  <datafield tag="338" ind1=" " ind2=" ">
   <subfield code="a">Band</subfield>
   <subfield code="b">nc</subfield>
   <subfield code="2">rdacarrier</subfield>
  </datafield>
  <datafield tag="583" ind1="1" ind2=" ">
   <subfield code="a">Archivierung prüfen</subfield>
   <subfield code="c">20200919</subfield>
   <subfield code="f">DE-640</subfield>
   <subfield code="z">3</subfield>
   <subfield code="2">pdager</subfield>
  </datafield>
  <datafield tag="583" ind1="1" ind2=" ">
   <subfield code="a">Archivierung/Langzeitarchivierung gewährleistet</subfield>
   <subfield code="f">SSG</subfield>
   <subfield code="x">XA-DE-BW</subfield>
   <subfield code="2">pdager</subfield>
   <subfield code="5">DE-16</subfield>
  </datafield>
  <datafield tag="655" ind1=" " ind2="7">
   <subfield code="a">Ausstellungskatalog</subfield>
   <subfield code="y">2001</subfield>
   <subfield code="z">Lausanne</subfield>
   <subfield code="0">(DE-588)4135467-9</subfield>
   <subfield code="0">(DE-627)10566491X</subfield>
   <subfield code="0">(DE-576)209660988</subfield>
   <subfield code="2">gnd-content</subfield>
  </datafield>
  <datafield tag="689" ind1="0" ind2="0">
   <subfield code="d">p</subfield>
   <subfield code="0">(DE-588)119107791</subfield>
   <subfield code="0">(DE-627)079900739</subfield>
   <subfield code="0">(DE-576)211205923</subfield>
   <subfield code="a">Breslau, Marie-Louise-Catherine</subfield>
   <subfield code="d">1856-1927</subfield>
   <subfield code="2">gnd</subfield>
  </datafield>
  <datafield tag="689" ind1="0" ind2=" ">
   <subfield code="5">(DE-627)</subfield>
  </datafield>
  <datafield tag="700" ind1="1" ind2=" ">
   <subfield code="a">Lepdor, Catherine</subfield>
   <subfield code="e">Hrsg.</subfield>
   <subfield code="4">edt</subfield>
  </datafield>
  <datafield tag="700" ind1="1" ind2=" ">
   <subfield code="a">Krueger, Anne-Catherine</subfield>
   <subfield code="4">oth</subfield>
  </datafield>
  <datafield tag="700" ind1="1" ind2=" ">
   <subfield code="a">Weisberg, Gabriel P.</subfield>
   <subfield code="d">1942-</subfield>
   <subfield code="0">(DE-588)134153383</subfield>
   <subfield code="0">(DE-627)561362807</subfield>
   <subfield code="0">(DE-576)300345186</subfield>
   <subfield code="4">oth</subfield>
  </datafield>
  <datafield tag="700" ind1="1" ind2=" ">
   <subfield code="a">Breslau, Marie-Louise-Catherine</subfield>
   <subfield code="d">1856-1927</subfield>
   <subfield code="e">Ill.</subfield>
   <subfield code="0">(DE-588)119107791</subfield>
   <subfield code="0">(DE-627)079900739</subfield>
   <subfield code="0">(DE-576)211205923</subfield>
   <subfield code="4">ill</subfield>
  </datafield>
  <datafield tag="710" ind1="2" ind2=" ">
   <subfield code="a">Musée cantonal des beaux-arts</subfield>
   <subfield code="g">Lausanne</subfield>
   <subfield code="0">(DE-588)214584-4</subfield>
   <subfield code="0">(DE-627)103090479</subfield>
   <subfield code="0">(DE-576)192399837</subfield>
   <subfield code="4">oth</subfield>
  </datafield>
  <datafield tag="711" ind1="2" ind2=" ">
   <subfield code="a">Exposition Louise Breslau - de l'Impressionnisme aux Années Folles</subfield>
   <subfield code="d">2001 - 2002</subfield>
   <subfield code="c">Lausanne</subfield>
   <subfield code="0">(DE-588)5533756-9</subfield>
   <subfield code="0">(DE-627)348511221</subfield>
   <subfield code="0">(DE-576)198889178</subfield>
   <subfield code="4">oth</subfield>
  </datafield>
  <datafield tag="787" ind1="0" ind2="8">
   <subfield code="i">Rezensiert in</subfield>
   <subfield code="a">Hauptman, William, 1945 - </subfield>
   <subfield code="t">&quot;Louise Breslau: de l’impressionnisme aux années folles, exhibition and catalogue&quot;</subfield>
   <subfield code="d">2002</subfield>
   <subfield code="w">(DE-627)1797102354</subfield>
  </datafield>
  <datafield tag="856" ind1="4" ind2="2">
   <subfield code="u">https://swbplus.bsz-bw.de/bsz095861289inh.htm</subfield>
   <subfield code="m">B:DE-576;DE-16</subfield>
   <subfield code="q">application/pdf</subfield>
   <subfield code="v">20091012161059</subfield>
   <subfield code="x">Verlag</subfield>
   <subfield code="3">Inhaltsverzeichnis</subfield>
  </datafield>
  <datafield tag="951" ind1=" " ind2=" ">
   <subfield code="a">BO</subfield>
  </datafield>
  <datafield tag="990" ind1=" " ind2=" ">
   <subfield code="a">Breslau, Marie-Louise-Catherine</subfield>
  </datafield>
  <datafield tag="991" ind1=" " ind2=" ">
   <subfield code="a">Rezensiertes Werk</subfield>
  </datafield>
  <datafield tag="999" ind1=" " ind2=" ">
   <subfield code="a">KXP-PPN1621014959</subfield>
   <subfield code="e">4568120756</subfield>
  </datafield>
 </record>
</collection>
